Khutbat-e-Gazali (Record no. 62770)

000 -LEADER
fixed length control field 00487nam a22001697a 4500
003 - CONTROL NUMBER IDENTIFIER
control field NUST - PNEC
005 - DATE AND TIME OF LATEST TRANSACTION
control field 20170116180756.0
008 - FIXED-LENGTH DATA ELEMENTS--GENERAL INFORMATION
fixed length control field 150407b xxu||||| |||| 00| 0 eng d
040 ## - CATALOGING SOURCE
Transcribing agency LIBRARY
082 ## - DEWEY DECIMAL CLASSIFICATION NUMBER
Classification number 297 GHA
100 ## - MAIN ENTRY--PERSONAL NAME
9 (RLIN) 2137
Personal name Ghazali, Hazrat imam
245 ## - TITLE STATEMENT
Title Khutbat-e-Gazali
Statement of responsibility, etc. Hazrat Imam Ghazali
260 ## - PUBLICATION, DISTRIBUTION, ETC.
Place of publication, distribution, etc. Lahore:
Name of publisher, distributor, etc. Shabir Brothers,
Date of publication, distribution, etc. c1993.
300 ## - PHYSICAL DESCRIPTION
Extent 222 p. :
Dimensions 22 cm.
650 ## - SUBJECT ADDED ENTRY--TOPICAL TERM
9 (RLIN) 2138
Topical term or geographic name entry element Khutbat, Instructions relate to Islami talimat
General subdivision Islam
942 ## - ADDED ENTRY ELEMENTS (KOHA)
Source of classification or shelving scheme
Koha item type Book
Holdings
Withdrawn status Lost status Source of classification or shelving scheme Damaged status Not for loan Permanent Location Current Location Shelving location Date acquired Source of acquisition Cost, normal purchase price Total Checkouts Full call number Barcode Date last seen Date last checked out Cost, replacement price Price effective from Koha item type
          Pakistan Navy Engineering College (PNEC) Pakistan Navy Engineering College (PNEC)   07/14/2003 HQ Commander Karachi 100.00 1 297 GHA PNECLIB-026161 11/15/2016 11/15/2016 100.00 07/14/2003 Book
© 2023 Central Library, National University of Sciences and Technology. All Rights Reserved.